Statistics for Places that begin with 'Turk'

Click here to take the quiz!

General Stats

  • This quiz has been taken 22 times
  • The average score is 4 of 17

Answer Stats

HintAnswer% Correct
Its capital is AnkaraTurkey
95%
Its capital is AshgabatTurkmenistan
95%
Finnish town on the mouth of the Aura RiverTurku
48%
British territory, its capital is Cockburn TownTurks and Caicos Islands
48%
City in western UkraineTurka
33%
Largest and most north-westerly county in KenyaTurkana
24%
City in southern KazakhstanTurkistan
19%
Capital of Lebap provinceTurkmenabat
14%
Resort city on the Caspian SeaTürkmenbaşy
14%
Village in the disputed Nagorno-Karabakh regionTürklər
5%
2,000 metre high mountain in AntarcticaTurk Peak
5%
A civil parish in the CotswaldsTurkdean
5%
Village in Greater Poland VoivodeshipTurkowo
0%
Village in Afyonkarahisar ProvinceTürkbelkavak
0%
River on the border between Kenya & UgandaTurkwel River
0%
The busiest port of entry between Afghanistan & PakistanTurkham
0%
Settlers from Tennessee founded this village in KansasTurkville
0%

Score Distribution

Percentile by Number Answered

Percent of People with Each Score

Your Score History

You have not taken this quiz